Bergy's manual of determinative bacteriology (Record no. 21005)

MARC details
000 -LEADER
fixed length control field 00354nam a2200133Ia 4500
082 ## - DEWEY DECIMAL CLASSIFICATION NUMBER
Classification number 579.22(035)
Item number BRE
100 ## - MAIN ENTRY--AUTHOR NAME
Personal name BREED, Robert S
245 #0 - TITLE STATEMENT
Title Bergy's manual of determinative bacteriology
250 ## - EDITION STATEMENT
Edition statement Ed.7
260 ## - PUBLICATION, DISTRIBUTION, ETC. (IMPRINT)
Place of publication Baltimore
Name of publisher Williams &Wilkins
Year of publication 1959
650 ## - SUBJECT ADDED ENTRY--TOPICAL TERM
Topical Term Bacteriology
942 ## - ADDED ENTRY ELEMENTS (KOHA)
Koha item type Books
Holdings
Withdrawn status Lost status Damaged status Not for loan Home library Current library Date acquired Full call number Accession Number Koha item type
        RRII Library RRII Library 16/12/2021 579.22(035) BRE 01727 Books